| 000 | 00368nam a22001337a 4500 | ||
|---|---|---|---|
| 999 |
_c510983 _d510983 |
||
| 008 | 190905b ||||| |||| 00| 0 eng d | ||
| 100 |
_aKola, Mohit Kumar _99878 |
||
| 245 | _aStrategies towards sustainability of business schools in India | ||
| 260 | _c2019 | ||
| 300 | _ap.57-69. | ||
| 773 | _aProductivity | ||
| 906 | _aManagement education - India | ||
| 942 | _cAR | ||